Financial statements.xls : (Record no. 886)

MARC details
000 -LEADER
fixed length control field 00822 a2200205 4500
008 - FIXED-LENGTH DATA ELEMENTS--GENERAL INFORMATION
fixed length control field 080821t xxu||||| |||| 00| 0 eng d
010 ## - LIBRARY OF CONGRESS CONTROL NUMBER
LC control number ENG-85010
020 ## - INTERNATIONAL STANDARD BOOK NUMBER
International Standard Book Number 818333153X
Terms of availability 270.00
035 ## - SYSTEM CONTROL NUMBER
System control number EN-68543
037 ## - SOURCE OF ACQUISITION
Source of stock number/acquisition D.B.Act / Pub
082 ## - DEWEY DECIMAL CLASSIFICATION NUMBER
Classification number 005.3
100 ## - MAIN ENTRY--PERSONAL NAME
Personal name Rubin, Joseph,
245 ## - TITLE STATEMENT
Title Financial statements.xls :
Remainder of title a step-by-step guide to creating financial statements using Microsoft Excel /
Statement of responsibility, etc [Joseph Rubin].
260 ## - PUBLICATION, DISTRIBUTION, ETC. (IMPRINT)
Place of publication, distribution, etc New Delhi
Name of publisher, distributor, etc BPB Publications
Date of publication, distribution, etc 2006
300 ## - PHYSICAL DESCRIPTION
Extent xxii, 314 p. :
Other physical details ill. ;
Dimensions 24 cm. (Pbk)
Accompanying material CD-ROM
500 ## - GENERAL NOTE
General note Includes index.
650 ## - SUBJECT ADDED ENTRY--TOPICAL TERM
Topical term or geographic name as entry element Financial statements.
942 ## - ADDED ENTRY ELEMENTS (KOHA)
Institution code [OBSOLETE] dpl
Koha item type English Books
Call number prefix 005.3 / ROB
Source of classification or shelving scheme Dewey Decimal Classification
Classification part 005.3
Call number suffix ROB
Holdings
Withdrawn status Lost status Damaged status Not for loan Home library Current library Date acquired Cost, normal purchase price Total Checkouts Full call number Barcode Date last seen Copy number Uniform Resource Identifier Cost, replacement price Price effective from Koha item type
        D.B.Act.Division D.B.Act.Division 21/08/2008 270.00   005.3 ROB EN-68543 15/09/2008 1 948 270.00 15/09/2008 English Books

© Delhi Public Library
Hit Counter
free hit counter